Word Ladder: Say Cheese! Quiz Stats

 Plays Quiz Updated Jun 24, 2015

Challenge
Share
Tweet
Embed
Score 0/54 Timer 06:00
0 Plays Today
Hint 4-letter word % Correct
Open-handed strikeSLAP
96.4%
Table tennis: ____ PongPING
92.7%
Pre-Easter season of abstinenceLENT
92.5%
Ice skating arenaRINK
91.1%
☀ Optical glass for capturing rays of light ☀LENS
90.7%
One eighth of a US gallonPINT
90.2%
☀ Quick, informal picture: ____ [rung 54] ☀SNAP
89.8%
Heavy metal element (Pb)LEAD
89.4%
Tall, protective footwearBOOT
89.2%
Chimney residueSOOT
88.9%
Narrow opening for coinsSLOT
88.2%
Alternate rising and falling of the seaTIDE
88.1%
☀ ___ -angle [rung 8], allowing a broad field of view ☀WIDE
87.7%
First name of Road Runner nemesisWILE
87.4%
Jamaican sprinter UsainBOLT
87.4%
☀ Circular device which controls focus or aperture ☀RING
87.2%
Terminus of human legFOOT
86.9%
Document locationFILE
86.1%
Pig foodSLOP
85.6%
Travel widely and aimlesslyROAM
85.5%
Grassy meadowsLEAS
85.2%
☀ Thin strip coated with photographic emulsion ☀FILM
84.9%
Hinged section on aircraft wingFLAP
84.4%
Male bovineBULL
84.1%
☀ To put [rung 21] into camera ☀LOAD
83.9%
Pitchfork prongTINE
83.9%
Concrete street edging (US spelling)CURB
83.9%
Hint 4-letter word % Correct
☀ Shades of white in a finished print ☀TINT
83.7%
Feel concern or interestCARE
83.6%
☀ Developing location: [rung 37] ____ROOM
83.3%
Preserve meat by drying or smokingCURE
83.3%
Permanent army postFORT
83.1%
☀ Flash maker ☀BULB
82.7%
A challenge to prove courageDARE
82.6%
Slang for outlying residential district'BURB
82%
Fertile soil of clay, sand, and humusLOAM
81.7%
☀ Developing location: ____ [rung 14] ☀DARK
81.3%
Cotton seed capsuleBOLL
81%
☀ Quick, informal picture: [rung 1]____SHOT
80.1%
AccomplishmentFEAT
77.9%
Visible shape or configurationFORM
77.8%
☀ Long-duration shutter speed: ____ exposure ☀TIME
77.8%
Having an unyielding surfaceFIRM
77.6%
1940's long-jacketed suitZOOT
76.2%
Drop shot in tennisDINK
75%
☀ A [rung 8] of varying focal lengths ☀ZOOM
74.9%
Artificial water trench to a millLEAT
74.6%
☀ Low contrast print ☀FLAT
73.9%
Short Scottish daggerDIRK
73.6%
☀ Setting for light + shutter speed: f-____STOP
72.7%
Lengthy scholarly workTOME
72.6%
☀ Degree of lightness or darkness in a print ☀TONE
72.3%
Spectacle or displaySHOW
72.2%
Pack cargo securelySTOW
69%

Today's Daily Dose

Word Ladder
Aquatic Life

On This Day
August 21st II

You're not logged in!

Compare scores with friends on all Sporcle quizzes.
Join for Free
OR
Log In

You Might Also Like...

Show Comments

Extras

Top Quizzes Today


Score Distribution

Your Account Isn't Verified!

In order to create a playlist on Sporcle, you need to verify the email address you used during registration. Go to your Sporcle Settings to finish the process.

Report this User

Report this user for behavior that violates our Community Guidelines.

Details: